000 004320000a22001690004500
041 0 _aSPA
082 0 4 _aG 269 C1871p
100 1 _aCampbell, R. C.
245 1 0 _aEl próximo avivamiento / R.C. Campbell
260 _aBuenos Aires, Argentina : Junta Bautista
300 _a195 Pag
001 8059
942 _cBK
999 _c38256
_d38256
336 _atexto
_btxt
_2rdacontent
337 _2rdamedia
_asin mediación
_bn
338 _2rdacarrier
_avolumen
_bnc